Caharar din rati/ (Record no. 12292)

MARC details
000 -LEADER
fixed length control field 00437nam a22001697a 4500
005 - DATE AND TIME OF LATEST TRANSACTION
control field 20251024115423.0
008 - FIXED-LENGTH DATA ELEMENTS--GENERAL INFORMATION
fixed length control field 251024b |||||||| |||| 00| 0 eng d
040 ## - CATALOGING SOURCE
Original cataloging agency IN-DiNC
Transcribing agency IN-DiNC
041 ## - LANGUAGE CODE
Language code of sung or spoken text Assamese
082 ## - DEWEY DECIMAL CLASSIFICATION NUMBER
Classification number 891.4513
Item number DUT
100 ## - MAIN ENTRY--PERSONAL NAME
Personal name Dutta, Mukut
Relator term Author
245 ## - TITLE STATEMENT
Title Caharar din rati/
Statement of responsibility, etc. by Mukut Dutta
260 ## - PUBLICATION, DISTRIBUTION, ETC.
Place of publication, distribution, etc. Dibrugarh:
Name of publisher, distributor, etc. Bibha Konwar,
Date of publication, distribution, etc. na
300 ## - PHYSICAL DESCRIPTION
Extent 97p.
650 ## - SUBJECT ADDED ENTRY--TOPICAL TERM
Topical term or geographic name entry element Assamese short stories
942 ## - ADDED ENTRY ELEMENTS (KOHA)
Source of classification or shelving scheme Dewey Decimal Classification
Koha item type Books
Holdings
Withdrawn status Lost status Source of classification or shelving scheme Damaged status Not for loan Collection code Home library Current library Shelving location Date acquired Cost, normal purchase price Total Checkouts Full call number Barcode Date last seen Copy number Price effective from Koha item type Date last checked out
    Dewey Decimal Classification     Assamese Central Library, Naharkatiya College Central Library, Naharkatiya College General Stacks 24/10/2025 120.00   891.4513 DUT 29304 24/10/2025 1 24/10/2025 Books  
    Dewey Decimal Classification     Assamese Central Library, Naharkatiya College Central Library, Naharkatiya College General Stacks 28/10/2025 120.00 1 891.4513 DUT 29305 08/11/2025 2 28/10/2025 Books 06/11/2025

Naharkatiya College © 2020. All rights reserved.

Powered By